[Event "IV Festival"]
[Site "Figueira da Foz POR"]
[Date "2007.11.02"]
[Round "7"]
[White "Dias,P"]
[Black "Leite,C"]
[Result "1/2-1/2"]
[WhiteElo "2443"]
[BlackElo "2191"]

1.c4 c6 2.e4 e5 3.Nc3 Bb4 4.Nf3 d6 5.d3 Nf6 6.g3 O-O 7.Bg2 Nbd7 8.O-O Bxc3
9.bxc3 Nc5 10.Nh4 h6 11.h3 Re8 12.Be3 Be6 13.Nf5 b6 14.f4 exf4 15.Rxf4 Bxf5
16.Rxf5 Re5 17.Rf1 Ne6 18.d4 Ra5 19.Rf5 Qe7 20.Rxa5 bxa5 21.Qa4 Qc7 22.Rb1 Re8
23.e5 dxe5 24.Qxc6 Qxc6 25.Bxc6 Rc8 26.Bd5 exd4 27.cxd4 Nxd5 28.cxd5 Ng5
29.Bxg5 hxg5 30.Kf2 Kf8 31.Rb5 a4 32.Ra5 Rc4 33.Ke3 Rc3+ 34.Ke4 Rxg3 35.Rxa4 Rxh3
36.d6 Ke8 37.Rxa7 Rh2 38.a4 Ra2 39.a5 g4 40.a6 g3 41.Re7+ Kd8 42.Rxf7 Rxa6
43.Ke5 Ra2 44.Rxg7 g2 45.Rg8+ Kd7 46.Rg7+ Kd8 47.Rg8+  1/2-1/2

[Event "VIII Int Rapid"]
[Site "El Sauzal ESP"]
[Date "2007.11.03"]
[Round "3"]
[White "Komljenovic,D"]
[Black "Gonzalez Intelangelo,G"]
[Result "1-0"]
[WhiteElo "2471"]
[BlackElo "2148"]

1.c4 c6 2.d4 d5 3.Nf3 Nf6 4.Nc3 e6 5.Bg5 Be7 6.e3 O-O 7.Bd3 Nbd7 8.O-O dxc4
9.Bxc4 Nd5 10.Bxe7 Qxe7 11.Ne4 N7f6 12.Ng3 c5 13.Qe2 b6  1-0

[Event "7th Rohde Open"]
[Site "Sautron FRA"]
[Date "2007.11.03"]
[Round "9"]
[White "Govciyan,P"]
[Black "Delorme,Ax"]
[Result "0-1"]
[WhiteElo "2417"]
[BlackElo "2328"]

1.c4 c6 2.d4 d5 3.Nc3 Nf6 4.Nf3 a6 5.h3 e6 6.e3 Nbd7 7.Qc2 Bd6 8.Bd3 dxc4
9.Bxc4 b5 10.Bd3 Bb7 11.e4 e5 12.Be3 O-O 13.Rd1 exd4 14.Nxd4 c5 15.Nf5 Be5
16.f4 Bxc3+ 17.Qxc3 Qc7 18.Bb1 Rfe8 19.e5 Nd5 20.Qc2 g6 21.Nh6+ Kg7 22.Ng4 h5
23.Rxd5 Bxd5 24.Nf2 Nxe5 25.fxe5 Qxe5 26.Nd1 Be4 27.Qf2 Bxb1 28.O-O Bf5 29.Bxc5 Rad8
30.Bb4 Qe2 31.Bc3+ Kg8 32.Qxe2 Rxe2 33.a3 Rd3 34.Nf2 Rxc3 35.bxc3 Ra2 36.g4 hxg4
37.hxg4 Be6 38.Ne4 Rxa3 39.Rd1 Kf8 40.g5 a5 41.Rd8+ Ke7 42.Rb8 Bc4 43.Kf2 a4
44.Ke3 Ra1 45.Kd4 Rd1+ 46.Kc5 a3 47.Ra8 a2 48.Ra7+ Ke6 49.Ra6+ Ke5  0-1

[Event "13th Venice Autumn"]
[Site "Venice ITA"]
[Date "2007.11.03"]
[Round "4"]
[White "Genocchio,D"]
[Black "Mufic,Go"]
[Result "1-0"]
[WhiteElo "2433"]
[BlackElo "2293"]

1.c4 c6 2.b3 d5 3.Nf3 Nf6 4.Bb2 Bf5 5.d3 e6 6.Nh4 Bg6 7.Nxg6 hxg6 8.Nd2 Ng4
9.h3 dxc4 10.Nxc4 Bb4+ 11.Nd2 Qa5 12.a3 Bc3 13.Bxc3 Qxc3 14.e3 Nf6 15.Qc1 Qxc1+
16.Rxc1 Nbd7 17.Nc4 Ke7 18.Be2 b6 19.Bf3 Nd5 20.Ke2 c5 21.Rc2 Rac8 22.Rb1 Rc7
23.Kd2 Rhc8 24.h4 b5 25.Na5 Kd6 26.Rbc1 Ne5 27.Bxd5 exd5 28.Rxc5 Rxc5 29.Nb7+ Ke6
30.Rxc5 Rxc5 31.Nxc5+ Kf5 32.Na6 Nc6 33.b4 d4 34.Nc7 Kg4 35.Nxb5 dxe3+ 36.Kxe3 Kxh4
37.d4 a6 38.d5 Nb8 39.Nc7 Kg5 40.Kd4 Kf4 41.d6 g5 42.Kd5 g4 43.Nxa6 Nxa6
44.Kc6  1-0

[Event "Cup Russia"]
[Site "Serpukhov RUS"]
[Date "2007.11.06"]
[Round "1.5"]
[White "Iljin,A"]
[Black "Panarin,M"]
[Result "1-0"]
[WhiteElo "2565"]
[BlackElo "2500"]

1.c4 c6 2.Nf3 d5 3.e3 Nf6 4.Qc2 g6 5.b3 Bg7 6.Bb2 O-O 7.Be2 Bg4 8.O-O Nbd7
9.d3 Re8 10.Nc3 e6 11.h3 Bxf3 12.Bxf3 a6 13.a3 h5 14.b4 Qe7 15.Be2 e5 16.cxd5 cxd5
17.Rfe1 d4 18.Nd1 Rac8 19.Qb3 Qd6 20.Bf3 Rc7 21.Rc1 Rec8 22.Rxc7 Rxc7 23.Re2 b5
24.Rc2 dxe3 25.Nxe3 Nb6 26.Rxc7 Qxc7 27.Qc3 Qxc3 28.Bxc3 Ne8 29.Nd5 Na4 30.Bd2 Nb2
31.Be2 f5 32.Bc1 Na4 33.Bd1 e4 34.Bxa4 bxa4 35.dxe4 fxe4 36.Nb6 Nd6 37.Nxa4 Bd4
38.Nc5 Bxc5 39.bxc5 Nc4 40.c6 Kf7 41.c7 Nb6 42.Be3 Nc8 43.Kf1 Ke6 44.Ke2 Kd7
45.Bf4 Nb6 46.Ke3 Nc4+ 47.Kxe4 Nxa3 48.Ke5 Nc4+ 49.Kf6 a5 50.Kxg6 a4 51.Bc1 Ne5+
52.Kxh5 Nd3 53.Ba3 Nxf2 54.h4 Kxc7 55.Kg6 Kd7 56.h5 Ke6 57.h6 Ng4 58.h7 Ne5+
59.Kg7 Nf7 60.g3  1-0

[Event "TCh-FIN 2007-8"]
[Site "Finland FIN"]
[Date "2007.11.17"]
[Round "4"]
[White "Miezis,N"]
[Black "Karttunen,M"]
[Result "1-0"]
[WhiteElo "2509"]
[BlackElo "2427"]

1.c4 c6 2.e4 e5 3.Nf3 d6 4.Nc3 Nd7 5.d4 Ngf6 6.g3 g6 7.Bg2 Bg7 8.O-O O-O
9.h3 a6 10.Re1 Re8 11.a4 a5 12.Be3 h6 13.Qc2 b6 14.Rad1 Qe7 15.Qd2 Kh7 16.Nh2 Bb7
17.f4 Rad8 18.Qc2 Nh5 19.Qf2 exd4 20.Bxd4 Bxd4 21.Rxd4 Ng7 22.Rdd1 Nc5 23.Ng4 h5
24.Nh2 Qe6 25.Qd4 Ba6 26.Bf1 Qe7 27.Nf3 Nge6 28.Qe3 f6 29.Qf2 Qf7 30.h4 Kg8
31.Kh2 Ng7 32.Nd4 Rc8 33.Bh3 Rc7 34.f5 Bxc4 35.fxg6 Qxg6 36.Nf5 Nd3 37.Rxd3 Bxd3
38.Qxb6 Nxf5 39.exf5 Rxe1 40.fxg6 Ree7 41.Qd4 Bxg6 42.Qxf6 Kh7 43.Bf5 Bxf5
44.Qxf5+ Kg7 45.Qg5+ Kf8 46.Qh6+ Ke8 47.Qxh5+ Kd8 48.Ne2 d5 49.Nd4 Kc8 50.Nb3 Rb7
51.Qf3 Re4 52.Kh3  1-0

[Event "Open"]
[Site "Liberec CZE"]
[Date "2007.11.17"]
[Round "9"]
[White "Johansson,Th2"]
[Black "Porat,I"]
[Result "0-1"]
[WhiteElo "2147"]
[BlackElo "2275"]

1.c4 c6 2.e4 d5 3.exd5 cxd5 4.d4 Nf6 5.Nc3 Nc6 6.Nf3 Bg4 7.Qb3 Bxf3 8.Qxb7 Qc8
9.Qxc8+ Rxc8 10.gxf3 Nxd4 11.cxd5 Nc2+ 12.Kd1 Nxa1 13.Bb5+ Nd7 14.Re1 e6
15.Be3 Bb4 16.Kd2 Ke7 17.Bxd7 Kxd7 18.dxe6+ fxe6 19.Rxa1 Bc5 20.Rg1 g6 21.Rg5 Bxe3+
22.fxe3 Rhf8 23.f4 Rf5 24.h4 Rxg5 25.hxg5 e5 26.Ne4 Ke6 27.b4 exf4 28.exf4 Rc4
29.Nc5+ Kf5 30.Nd3 Ke4 31.Nc5+ Kxf4  0-1

[Event "WYb14"]
[Site "Kemer TUR"]
[Date "2007.11.22"]
[Round "5"]
[White "Samarakone,U"]
[Black "Mamedov,Z"]
[Result "0-1"]
[WhiteElo "1927"]
[BlackElo "2113"]

1.c4 c6 2.Nf3 d5 3.e3 Nf6 4.d4 e6 5.b3 Ne4 6.Bd3 Bd6 7.Bb2 O-O 8.c5 Bc7 9.b4 Bd7
10.a4 f5 11.b5 Be8 12.g3 Ba5+ 13.Nfd2 Qf6 14.f4 Nxc5 15.dxc5 Qxb2 16.Ra3 Bh5
17.Qc2 Qxc2 18.Bxc2 Nd7 19.Kf2 Nxc5 20.Nb3 Nxb3 21.Rxb3 c5 22.h3 Bg6 23.g4 c4
24.Rb2 Bb6 25.Kf3 Rae8 26.Nc3 d4 27.Nd1 c3 28.Ra2 fxg4+ 29.hxg4 d3 30.Bb3 c2
31.Nb2 d2 32.Bxc2 Bxc2 33.Nd1 Rc8 34.Ke2 Rfd8 35.a5 Bb3 36.Ra3 Bc4+ 37.Kf3 Bc5
38.Ra1 Bxb5 39.Ra2 Bc6+ 40.e4 Rd3+ 41.Ke2 Bxe4 42.Rf1 Rcd8 43.Rc2 b6 44.axb6 axb6
45.Rc3 Rxc3 46.Nxc3 Bd3+  0-1

[Event "20th Belgrade Trophy"]
[Site "Belgrade SRB"]
[Date "2007.11.24"]
[Round "3"]
[White "Jovanovic,De"]
[Black "Mirkovic,St"]
[Result "1/2-1/2"]
[WhiteElo "2037"]
[BlackElo "2250"]

1.c4 c6 2.Nf3 d5 3.e3 Nf6 4.b3 Bf5 5.Bb2 e6 6.Be2 Nbd7 7.O-O Bd6 8.d4 O-O
9.a4 Qe7 10.Nbd2 Rfe8 11.Nh4 Bg6 12.Nxg6 hxg6 13.Qc2 Rac8 14.c5 Bc7 15.f4 a5
16.Ba3 Qd8 17.b4 axb4 18.Bxb4 b6 19.cxb6 Bxb6 20.Ba6 Rb8 21.Bd6 Bc7 22.Bxc7 Qxc7
23.Rfc1 Qa7 24.Bd3 Rec8 25.Nb3 c5 26.Nxc5 Nxc5 27.dxc5 Nd7 28.c6 Qxe3+ 29.Qf2 Qxd3
30.cxd7 Rd8 31.Qa7 Qd2 32.Qc7 Kh7 33.Ra3 g5 34.fxg5 Rxd7 35.g6+ Kxg6 36.Rg3+ Kh7
37.Rh3+ Kg6 38.Rg3+ Kh7 39.Rh3+  1/2-1/2

[Event "KNSB TCh-NED 2007-8"]
[Site "Netherlands NED"]
[Date "2007.11.24"]
[Round "4"]
[White "Reinderman,D"]
[Black "Smeets,J"]
[Result "1/2-1/2"]
[WhiteElo "2510"]
[BlackElo "2558"]

1.c4 c6 2.e4 d5 3.exd5 cxd5 4.d4 Nf6 5.Nc3 Nc6 6.Nf3 Bg4 7.cxd5 Nxd5 8.Qb3 Bxf3
9.gxf3 e6 10.Qxb7 Nxd4 11.Bb5+ Nxb5 12.Qc6+ Ke7 13.Qxb5 Qd7 14.Nxd5+ Qxd5
15.Bg5+ f6 16.Qxd5 exd5 17.Be3 Ke6 18.O-O-O Bb4 19.Kb1 Rhd8 20.Rd3 a5 21.a3 Bf8
22.Rc1 a4 23.Rc6+ Ke5 24.Rd4 Rd7 25.Kc2 Be7 26.Kd3 Kf5 27.h3 h5 28.Bd2 Bf8
29.Be3 Be7 30.Bd2  1/2-1/2

[Event "WYb16"]
[Site "Kemer TUR"]
[Date "2007.11.25"]
[Round "8"]
[White "Benidze,D"]
[Black "Kulakov,V"]
[Result "0-1"]
[WhiteElo "2365"]
[BlackElo "2261"]

1.c4 c6 2.Nf3 d5 3.Qc2 Nf6 4.g3 Bg4 5.Bg2 Nbd7 6.O-O e6 7.d3 Be7 8.Nbd2 O-O
9.b3 b5 10.Bb2 Qb6 11.Rab1 a5 12.e4 dxe4 13.dxe4 h6 14.Rbd1 Rfd8 15.e5 Bf5
16.Qc1 Ne4 17.Nd4 Ndc5 18.Nxf5 exf5 19.Nxe4 Nxe4 20.Bxe4 fxe4 21.cxb5 cxb5
22.Qf4 Bc5 23.Rde1 e3 24.fxe3 Rd7 25.Re2 Rd2 26.Rff2 Rd1+ 27.Kg2 Rad8 28.Qe4 Qe6
29.Rc2 R8d5 30.Qf3 R1d3 31.Rce2 a4 32.bxa4 bxa4 33.Qe4 a3 34.Bd4 Rd1 35.Rd2 Rc1
36.Qf3 Rc4 37.Bxc5 Rcxc5 38.Rxd5 Rxd5 39.e4 Ra5 40.h4 Qe7 41.Rc2 Rxe5 42.Rc4 Qe6
43.Rc2 Rb5 44.Rf2 Qe7 45.Qf4 Rb4 46.Re2 Qe6 47.Kf2 Qh3 48.Qf5 Qh2+ 49.Kf3 Qh1+
50.Kf2 Qc1 51.Qe5 Rb6 52.Qe8+ Kh7 53.e5 Qc5+ 54.Kf1 Rb1+ 55.Kg2 Rb2  0-1

[Event "ch-UKR Final"]
[Site "Kharkov UKR"]
[Date "2007.11.25"]
[Round "9"]
[White "Gasanov,E"]
[Black "Zubov,A UKR"]
[Result "1-0"]
[WhiteElo "2503"]
[BlackElo "2556"]

1.c4 c6 2.d4 d5 3.Nf3 Nf6 4.Nc3 e6 5.cxd5 exd5 6.Qc2 Be7 7.Bg5 g6 8.e4 Be6
9.e5 Nh5 10.Qd2 Ng7 11.h3 Nd7 12.Be2 f6 13.exf6 Bxf6 14.O-O O-O 15.Rae1 Re8
16.Bd1 Bxg5 17.Nxg5 Qf6 18.f4 Nf5 19.Nf3 Ng3 20.Rf2 Bf5 21.Ne5 h5 22.Bf3 Qh4
23.Kh2 Kg7 24.Bxd5 cxd5 25.Nf3 Qd8 26.Kxg3 Nf6 27.Rxe8 Qxe8 28.Re2 Qd7 29.Qe1 Ne4+
30.Nxe4 dxe4 31.Ng5 Re8 32.Qc3 Qd6 33.d5+ Kg8 34.Qh8+ Kxh8 35.Nf7+ Kg7 36.Nxd6 Rd8
37.Nxe4 Rxd5 38.Ng5 Kf8 39.Kh4 a5 40.a3 b6 41.g4 hxg4 42.hxg4 Bd7 43.Nf3 Be8
44.Re6 Rb5 45.Ne5 Rxb2 46.Nxg6+ Kf7 47.f5 Ba4 48.Kg5  1-0

[Event "Bundesliga 2007-8"]
[Site "Tegernsee GER"]
[Date "2007.11.25"]
[Round "4"]
[White "Dinstuhl,V"]
[Black "Kindermann,S"]
[Result "1/2-1/2"]
[WhiteElo "2435"]
[BlackElo "2528"]

1.c4 c6 2.e4 d5 3.cxd5 cxd5 4.exd5 Nf6 5.Qa4+ Nbd7 6.Nc3 g6 7.Bc4 Bg7 8.d3 O-O
9.Nf3 Ne8 10.O-O Nd6 11.Bg5 h6 12.Bf4 Nb6 13.Qb3 Bg4 14.Ne5 Bf5 15.Rac1 g5
16.Bg3 Bh7 17.Rfe1 Nf5 18.Qd1 Rc8 19.Bb3 a6 20.d4 Nxg3 21.hxg3 Qd6 22.Qe2 Rc7
23.Ne4 Qd8 24.Rxc7 Qxc7 25.Nc3 Nc8 26.Nxf7 Rxf7 27.d6 Nxd6 28.Nd5 Qd7 29.Nxe7+ Kf8
30.Bxf7 Nxf7 31.Nd5 Bxd4 32.Qc4 Qg4 33.Re8+ Kg7 34.Qb4 Qd1+ 35.Kh2  1/2-1/2

[Event "20th Belgrade Trophy"]
[Site "Belgrade SRB"]
[Date "2007.11.26"]
[Round "5"]
[White "Ostojic,N1"]
[Black "Scepanovic,R"]
[Result "0-1"]
[WhiteElo "2414"]
[BlackElo "2250"]

1.c4 c6 2.e4 d5 3.exd5 cxd5 4.d4 Nf6 5.Nc3 e6 6.Nf3 Bb4 7.cxd5 Nxd5 8.Bd2 O-O
9.Bd3 Be7 10.O-O b6 11.Qe2 Nxc3 12.bxc3 Bb7 13.Rad1 Nd7 14.c4 Qc7 15.Bc1 Rfe8
16.Bb2 Rac8 17.Nd2 Nf8 18.Qe3 Ng6 19.g3 Nf8 20.Be4 Bxe4 21.Qxe4 Qd7 22.Rc1 Bf6
23.Nf3 Red8 24.Rfd1 Ng6 25.h4  0-1

[Event "WYb18"]
[Site "Kemer TUR"]
[Date "2007.11.26"]
[Round "9"]
[White "Catelli,H"]
[Black "Farkas,Ga1"]
[Result "1/2-1/2"]
[WhiteElo "2168"]
[BlackElo "2333"]

1.c4 c6 2.Nf3 d5 3.b3 Nf6 4.g3 g6 5.Bb2 Bg7 6.Bg2 O-O 7.O-O Bf5 8.d3 Qc8
9.Re1 Bh3 10.Bh1 Nbd7 11.Ng5 Bg4 12.h3 h6 13.hxg4 hxg5 14.cxd5 cxd5 15.Bf3 e5
16.Nd2 Re8 17.Rc1 Qd8 18.e4 d4 19.Nc4 Nb6 20.Qd2 Nh7 21.Ba3 Nxc4 22.Rxc4 Rc8
23.Rec1 Rxc4 24.Rxc4 Bf8 25.Bc1 b5 26.Rc6 b4 27.Qc2 Bd6 28.Qc4 Qe7 29.Bd2 Rb8
30.Qa6 Rd8 31.Rc4 Nf8 32.a3 bxa3 33.b4 Ra8 34.Qxa3 Nd7 35.Qb3 Nb6 36.Rc6 Rd8
37.Bd1 Kg7 38.b5 f6 39.Qa2 Rb8 40.Qa6 Rd8 41.Ba5 Bc5 42.Bb3 Rd7 43.Bd2 Bb4
44.Bc1 Rc7 45.Qa2 Qd7 46.Be6 Qe7 47.Qb3 Rxc6 48.bxc6 Qc5 49.Bg8 Qf8 50.Bd5 Qc5
51.Kg2 a5 52.Bg8 Qf8 53.Be6 a4 54.Qc2 Qd6 55.Ba2 Bc3 56.c7 Qxc7 57.Ba3 Qc6
58.Qb1 f5 59.gxf5 gxf5 60.f3 f4 61.g4 Bd2 62.Qh1 Bb4 63.Qh5 Bxa3 64.Qf7+ Kh6
65.Be6 Nd7 66.Bxd7 Qg6 67.Qc4 Kg7 68.Qxa4 Qd6 69.Bf5 Qb4 70.Qd7+ Qe7 71.Qb5 Bb4
72.Qc6 Bd6 73.Qc8 Qf8 74.Qe6 Qf6 75.Qe8 Qf7 76.Qc8 Qf8 77.Qc6 Qe7 78.Bd7 Kf8
79.Qc8+ Kg7 80.Bc6 Qf8 81.Qa6 Qb8 82.Bb5 Qc7 83.Bc4 Be7 84.Qe6 Bf6 85.Qg8+ Kh6
86.Bf7 Bg7 87.Kh3 Qc1 88.Kg2 Qd2+ 89.Kg1 Qe1+ 90.Kg2 Qg3+ 91.Kf1 Qxf3+ 92.Ke1 Qe3+
93.Kd1 Qxd3+ 94.Kc1 Qc3+ 95.Kb1 Qb4+ 96.Ka2 Qa5+ 97.Kb2 Qb5+ 98.Bb3 Qe2+
99.Ka3 Qxe4 100.Qe6+ Qg6 101.Qxg6+ Kxg6 102.Bc2+ Kf6 103.Be4 d3 104.Kb3 d2
105.Kc2 Ke6 106.Kxd2 Kd6 107.Ke2 Kc5 108.Kf3 Kd4  1/2-1/2

[Event "Open"]
[Site "Rijeka CRO"]
[Date "2007.11.26"]
[Round "3"]
[White "Golubovic,B"]
[Black "Pejic,Ir"]
[Result "1/2-1/2"]
[WhiteElo "2437"]
[BlackElo "2121"]

1.c4 c6 2.e4 d5 3.exd5 cxd5 4.cxd5 Nf6 5.Nc3 Nxd5 6.Nf3 Nc6 7.Bb5 a6 8.Bxc6+ bxc6
9.O-O e6 10.d4 Be7 11.Ne4 O-O 12.Bg5 f6 13.Bd2 Qb6 14.Qc2 Bd7 15.Rac1 Be8
16.Rfe1 Rb8 17.b3 Ba3 18.Rb1 Nb4 19.Qc4 Nd5 20.h3 Bg6 21.Qa4 Bb4 22.Rbc1 Bxe4
23.Rxe4 c5 24.Bxb4 cxb4 25.Qd7 Rbe8 26.Qc6 Rc8 27.Qxc8 Rxc8 28.Rxc8+ Kf7
29.Re1 Nc3 30.a4 Qb7 31.Rc4 a5 32.Rc5 Qb6 33.Nd2 Qd8 34.Nf3 Nd5 35.Rc6 Nf4
36.Rc5 Nd3 37.Rc4 Nxe1 38.Nxe1 Qd5 39.Nd3 Qe4 40.Nc5 Qe1+ 41.Kh2 Qxf2 42.Nb7 Qf4+
43.Kh1 Qf1+ 44.Kh2 Qf4+ 45.Kh1 Qf1+  1/2-1/2

[Event "Open"]
[Site "Rijeka CRO"]
[Date "2007.11.26"]
[Round "3"]
[White "Rukavina,J"]
[Black "Coimbra,M"]
[Result "1-0"]
[WhiteElo "2393"]
[BlackElo "2124"]

1.c4 c6 2.Nf3 d5 3.e3 Nf6 4.d4 e6 5.Nbd2 Nbd7 6.Qc2 Bd6 7.Bd3 e5 8.dxe5 Nxe5
9.Nxe5 Bxe5 10.Nf3 Bd6 11.cxd5 cxd5 12.Bd2 O-O 13.Bc3 h6 14.h3 Re8 15.Bb5 Bd7
16.Bxd7 Nxd7 17.Rd1 Nf6 18.Qb3 b6 19.Bxf6 Qxf6 20.Rxd5 Rad8 21.O-O Bc5 22.Rfd1 Rxd5
23.Rxd5 Rd8 24.Rxd8+ Qxd8 25.Ne5 Qc7 26.Qd5 Bd6 27.Nc6 a6 28.a4 a5 29.g4 Bf8
30.Kg2 Qc8 31.e4 Qe8 32.f4 Qc8 33.Kf3 Qa6 34.Qb5 Qxb5 35.axb5 Bc5 36.b3 Kf8
37.e5 Ke8 38.Ke4 Kd7 39.f5 f6 40.Kd5 fxe5 41.Nxe5+  1-0

[Event "20th Belgrade Trophy"]
[Site "Belgrade SRB"]
[Date "2007.11.28"]
[Round "7"]
[White "Ostojic,S"]
[Black "Kovacevic,Bo"]
[Result "0-1"]
[WhiteElo "2062"]
[BlackElo "1849"]

1.c4 c6 2.d4 d5 3.cxd5 cxd5 4.Nc3 Nc6 5.Nf3 Nf6 6.g3 Bf5 7.Bg2 e6 8.a3 Bd6
9.O-O O-O 10.Nb5 Bb8 11.Nh4 Be4 12.f3 Bg6 13.Nxg6 hxg6 14.Nc3 Qb6 15.e3 Bd6
16.b4 Qc7 17.Nb5 Qd7 18.Nxd6 Qxd6 19.Bd2 b5 20.Rc1 a6 21.Rf2 Nd7 22.Be1 Nb6
23.Bf1 Nc4 24.Qb3 Ne7 25.g4 Nc8 26.Rg2 N8b6 27.Bg3 Qd7 28.h4 Rac8 29.Rcc2 Rc6
30.Bf4 Qe7 31.Rh2 f5 32.g5 Qf7 33.Rcg2 Qe7 34.h5 e5 35.dxe5 Nxe5 36.Bxe5 Qxe5
37.f4 Qe4 38.h6 Na4 39.hxg7 Kxg7 40.Rh3 Rc3 41.Rgh2 Rxb3 42.Rh7+ Kg8 43.Rh8+ Kf7
44.R2h7+ Ke8  0-1

[Event "Open"]
[Site "Rijeka CRO"]
[Date "2007.11.28"]
[Round "5"]
[White "Schuurman,P"]
[Black "Coimbra,M"]
[Result "1/2-1/2"]
[WhiteElo "2281"]
[BlackElo "2124"]

1.c4 c6 2.e4 d5 3.exd5 cxd5 4.d4 Nf6 5.Nc3 Nc6 6.Nf3 Bg4 7.cxd5 Nxd5 8.Qb3 Bxf3
9.gxf3 e6 10.Qxb7 Nxd4 11.Bb5+ Nxb5 12.Qc6+ Ke7 13.Qxb5 Qd7 14.Bg5+ f6 15.Nxd5+ Qxd5
16.Qxd5 exd5 17.Be3 Ke6 18.O-O-O Rc8+ 19.Kb1 Bc5 20.Rhe1 Bxe3 21.Rxe3+ Kd6
22.Rde1 Rc4 23.Re7 Rh4 24.Rxa7 Rxh2 25.Ra6+ Kc5 26.Ra5+ Kb6 27.Rxd5 Rxf2
28.Rd3 h5 29.Rc1 h4 30.Rb3+ Ka6 31.Rc6+ Ka5 32.Rc7 Ka6 33.Rcb7 Rf1+ 34.Kc2 Rc8+
35.Kd2 Rc6 36.R7b4 Rc5 37.Rxh4 Rb5 38.Ra4+ Kb6 39.Rab4 Rxb4 40.Rxb4+ Kc5
41.Rf4 Rf2+ 42.Kc3 Kd5 43.a4 Ke5 44.Re4+ Kf5 45.Re3 Kf4 46.Rd3 Rf1 47.a5 g5
48.Kb4 Rb1 49.Rb3 Rd1 50.a6 Rd8 51.a7 Ra8 52.Ra3 f5 53.Kc5 Rxa7 54.Rxa7 Kxf3
55.b4 g4 56.b5  1/2-1/2

[Event "Open"]
[Site "Rijeka CRO"]
[Date "2007.11.28"]
[Round "5"]
[White "Poropat,M"]
[Black "Vukelic,Z"]
[Result "0-1"]
[WhiteElo "2120"]
[BlackElo "2010"]

1.c4 c6 2.g3 d5 3.Bg2 e6 4.Nf3 Nf6 5.d4 dxc4 6.Qc2 Bb4+ 7.Bd2 Bxd2+ 8.Nbxd2 Nbd7
9.Nxc4 Nb6 10.Nce5 O-O 11.O-O h6 12.Rfd1 Qe7 13.Rac1 Nbd5 14.a3 Rd8 15.e3 Ne8
16.Nd3 Nb6 17.e4 Nc7 18.a4 a5 19.Qb3 Nd7 20.h3 Nf6 21.Re1 Na6 22.Rc4 Rb8
23.Nfe5 Nd7 24.Nxd7 Qxd7 25.e5 Qe7 26.Qc3 Nc7 27.Qxa5 Nd5 28.Qd2 Bd7 29.Rec1 Be8
30.a5 Ra8 31.b4 Nc7 32.Nc5 Nb5 33.Qe3 Qc7 34.g4 b6 35.axb6 Qxb6 36.h4 Na3
37.g5 Nxc4 38.Rxc4 hxg5 39.hxg5 Qb5 40.Bf1 Ra1 41.Qd3 Rda8 42.Kg2 R8a3 43.Qc2 Qb8
44.Ne4 Qd8 45.Nf6+ gxf6 46.gxf6 Qd5+ 47.Kg1 Qf3 48.d5 Rxf1+  0-1

[Event "TCh-AUT 1st Bundesliga 2007-8"]
[Site "Baden AUT"]
[Date "2007.12.02"]
[Round "3"]
[White "Baumegger,S"]
[Black "Volkmann,F"]
[Result "1/2-1/2"]
[WhiteElo "2443"]
[BlackElo "2434"]

1.c4 c6 2.e4 d5 3.exd5 cxd5 4.d4 Nf6 5.Nc3 Nc6 6.Bg5 e6 7.Nf3 Be7 8.c5 O-O
9.Bb5 Bd7 10.O-O b6 11.Bxc6 Bxc6 12.Ne5 Be8 13.b4 Ne4 14.Bxe7 Qxe7 15.Nxe4 dxe4
16.Re1 f6 17.Nc4 Bc6 18.Qd2 Rad8 19.Nd6 Rxd6 20.cxd6 Qxd6 21.Rac1 f5 22.Qc3 Bd5
23.a3 Ba8 24.Red1 h6 25.Qc7 Qd5 26.Qe5 Rf7 27.Rc8+ Kh7 28.Rdc1 Rf6 29.g3 e3
30.Qxd5 exf2+ 31.Kxf2 Bxd5 32.R8c7 f4 33.g4 a5 34.bxa5 bxa5 35.Ra7 f3 36.h3 a4
37.Rg1 Rf4 38.g5 hxg5 39.Rxg5 Rxd4 40.Raxg7+ Kh6 41.R5g6+ Kh5 42.Rg5+ Kh6
43.Ke3 Re4+ 44.Kxf3 Rc4+ 45.Kg3 Be4 46.h4 Bf5 47.Rg8 Rc3+ 48.Kf4 Rc4+ 49.Kg3 Rc3+
50.Kf4 Rc4+ 51.Ke5 Bh7 52.Rh8 Re4+ 53.Kf6 Rf4+ 54.Ke5 Rf3 55.Rg4 Rxa3 56.h5 Re3+
57.Kd6 Rd3+ 58.Ke7 Rb3 59.Rg6+ Kxh5 60.Rg1 Kh6 61.Rh1+ Kg6 62.Rg1+ Kf5 63.Rf1+ Ke5
64.Re1+ Be4 65.Rh5+ Kd4 66.Ra5 Rb4 67.Kxe6 Bc2 68.Rc1 Rc4 69.Rxc2  1/2-1/2

[Event "TCh-AUT 1st Bundesliga 2007-8"]
[Site "Baden AUT"]
[Date "2007.12.02"]
[Round "3"]
[White "Horvath,Jo1"]
[Black "Ribli,Z"]
[Result "1/2-1/2"]
[WhiteElo "2519"]
[BlackElo "2577"]

1.c4 c6 2.d4 d5 3.Nf3 Nf6 4.Qb3 e6 5.Bg5 h6 6.Bh4 dxc4 7.Qxc4 b5 8.Qc2 Bb7
9.Nc3 Nbd7 10.e4 b4 11.Bxf6 gxf6 12.Na4 Qa5 13.b3 Rc8 14.Rd1 Bg7 15.Bc4 O-O
16.O-O Rfd8 17.Rfe1  1/2-1/2

[Event "TCh-BEL 2007-8"]
[Site "Belgium BEL"]
[Date "2007.12.02"]
[Round "5"]
[White "Cekro,E"]
[Black "Maenhout,T"]
[Result "1-0"]
[WhiteElo "2416"]
[BlackElo "2274"]

1.c4 c6 2.b3 d5 3.Bb2 Nf6 4.Nf3 Bf5 5.d3 e6 6.g3 Nbd7 7.Bg2 Bd6 8.O-O h6
9.Nbd2 O-O 10.Qc2 Bh7 11.a3 a5 12.Rfe1 Qe7 13.e4 dxe4 14.dxe4 Rfe8 15.Qc3 e5
16.h3 Bc5 17.Qc2 Rad8 18.Re2 Qd6 19.Ne1 Bd4 20.Bxd4 Qxd4 21.Rb1 Nc5 22.b4 axb4
23.axb4 Nd3 24.Nef3 Qd7 25.Rb3 c5 26.bxc5 Nxc5 27.Rb5 Qc7 28.Qb1 Re7 29.Kh2 Rdd7
30.Qb2 Re6 31.Ne1 Ne8 32.Nb3 Nxb3 33.Qxb3 Rc6 34.Nd3 Nd6 35.Nxe5 Nxb5 36.Qxb5 Bg6
37.Nxd7 Qxd7 38.e5 Rc7 39.Qxd7 Rxd7 40.Rb2 Rc7 41.Bd5 Bd3 42.Rb4 Kf8 43.Kg2 Ke7
44.Kf3 Bf1 45.h4 Kd8 46.Ke3 Kc8 47.Kd4 Bh3 48.Rb6 Re7 49.f3 h5 50.Ke4 Kb8
51.Kf4 Bc8 52.g4 Kc7 53.Rb2 hxg4 54.fxg4 Kd8 55.h5 Ke8 56.g5 Kf8 57.Ra2  1-0

[Event "ch-GRE"]
[Site "Igoumenitsa GRE"]
[Date "2007.12.02"]
[Round "2"]
[White "Nikolaidis,I"]
[Black "Galopoulos,N"]
[Result "1/2-1/2"]
[WhiteElo "2525"]
[BlackElo "2172"]

1.c4 c6 2.e4 d5 3.exd5 cxd5 4.Nf3 Nf6 5.d4 e6 6.cxd5 Nxd5 7.a3 Be7 8.Bd3 O-O
9.O-O Nc6 10.Qc2 g6 11.Bh6 Re8 12.Nc3 Bf6 13.Rad1 Nxc3 14.bxc3 Qc7 15.Ng5 Bd7
16.Ne4 Be7 17.Qb2 Qb6 18.Qd2 Qc7 19.Bg5 Kg7 20.Bf4 Qa5 21.Nd6 Bxd6 22.Bxd6 e5
23.Qb2 exd4 24.Qxb7 Qd5 25.Qxd7 Rad8 26.Qc7 Qxd6 27.Qxd6 Rxd6 28.Bb5 Red8
29.Bxc6  1/2-1/2

[Event "Parsvnath ch-Commonwealth"]
[Site "New Delhi IND"]
[Date "2007.12.03"]
[Round "2"]
[White "Gagare,Shar"]
[Black "Sandhya,G"]
[Result "1-0"]
[WhiteElo "2080"]
[BlackElo "1874"]

1.c4 c6 2.d4 d5 3.Nf3 Nf6 4.g3 g6 5.Bg2 dxc4 6.O-O Bg7 7.Ne5 Ng4 8.Nf3 Nd7
9.Qc2 Nb6 10.Rd1 Nf6 11.Nbd2 O-O 12.a4 a5 13.Nxc4 Bf5 14.Qb3 Nxc4 15.Qxc4 Nd5
16.Bf4 Nb4 17.Ne5 Be6 18.Qc3 Nd5 19.Qa3 Nxf4 20.gxf4 Qd6 21.Qxd6 exd6 22.Nf3 f5
23.e3 Ra6 24.Ng5 Bb3 25.Rd3 Rb6 26.Bf1 Bc4 27.Rd2 Bd5 28.Bg2 Bb3 29.Rd3 h6
30.Nf3 Rb4 31.Nd2 Bxa4 32.b3 Bb5 33.Rc3 a4 34.bxa4 Bxa4 35.Rca3 Bb5 36.Rb3 Rxb3
37.Nxb3 b6 38.Nd2 d5 39.Ra7 Rb8 40.Nf1 Bxf1 41.Kxf1 b5 42.Ra6 Rc8 43.Rxc6 Rxc6
44.Bxd5+ Kf8 45.Bxc6 b4 46.Ke2 g5 47.fxg5 hxg5 48.Kd3 Kf7 49.Kc4 Bf8 50.Bd7 Kf6
51.h3 Bd6 52.f3 Bf8 53.e4 fxe4 54.fxe4 Ke7 55.Bg4 Kd8 56.Bd1 Kd7 57.Kd5 Bg7
58.e5  1-0

[Event "Parsvnath ch-Commonwealth"]
[Site "New Delhi IND"]
[Date "2007.12.05"]
[Round "5"]
[White "Uthra,P"]
[Black "Akshat,A2"]
[Result "1-0"]
[WhiteElo "2055"]
[BlackElo "1847"]

1.c4 c6 2.Nc3 d5 3.d4 e6 4.Nf3 dxc4 5.a4 Bb4 6.e3 b5 7.Ne5 Bb7 8.Bd2 Nf6
9.Be2 Qc7 10.O-O a6 11.Nxb5 cxb5 12.Bxb4 Nd5 13.Bd2 Nc6 14.Nf3 O-O 15.Qb1 Rfc8
16.Rc1 Qe7 17.b3 cxb3 18.axb5 axb5 19.Rxa8 Rxa8 20.Bxb5 Na7 21.Qxb3 Nxb5
22.Qxb5 h6 23.h3 Rc8 24.Rc5 Nf6 25.Bb4 Qd7 26.Qe2 Ne4 27.Ne5 Qe8 28.Rxc8 Qxc8
29.Qb2 Ba6 30.Ba3 Qb7 31.Qc2 Nf6 32.f3 Qc8 33.Qc5 Nd7 34.Qxc8+ Bxc8 35.Nc6 Bb7
36.Ne7+ Kh7 37.Kf2 g6 38.e4 Kg7 39.d5 exd5 40.exd5 Kf6 41.Ke3 Ke5 42.f4+ Kf6
43.Kd4 h5 44.Nc6 Ba6 45.Ke4 Bf1 46.Bb2+  1-0

[Event "Open"]
[Site "Granada ESP"]
[Date "2007.12.08"]
[Round "7"]
[White "Fernandez Gutierrez,R"]
[Black "Zambrana,O"]
[Result "0-1"]
[WhiteElo "2269"]
[BlackElo "2511"]

1.c4 c6 2.d4 d5 3.Nc3 Nf6 4.Nf3 e6 5.Bg5 h6 6.Bh4 dxc4 7.e4 g5 8.Bg3 b5 9.Be2 Nbd7
10.h4 g4 11.Ne5 Bb7 12.O-O Rg8 13.d5 Nxe5 14.Bxe5 Be7 15.dxe6 fxe6 16.Qc1 Rg6
17.Rd1 Qb6 18.Bd4 Bc5 19.Bxc5 Qxc5 20.g3 Nd7 21.b3 Rf6 22.Rf1 Ke7 23.bxc4 Raf8
24.Nd1 Qe5 25.Bxg4 Qxe4 26.f4 c5 27.Bf3 Qd4+ 28.Kh2 Bxf3 29.Rxf3 b4 30.Ne3 Ne5
31.Nd5+ exd5 32.Re3 Re6 33.fxe5 Rf2+ 34.Kh1 dxc4 35.Qe1 Qb2 36.Qg1 Ra6 37.Rae1 Rxa2
38.R3e2 Qxe2 39.Rxe2 Raxe2 40.Qa1 Rh2+  0-1

[Event "ch-Central Serbia"]
[Site "Vrnjacka Banja SRB"]
[Date "2007.12.10"]
[Round "1"]
[White "Pantic,I"]
[Black "Gagic,M"]
[Result "1-0"]
[WhiteElo "2192"]
[BlackElo "1930"]

1.c4 c6 2.d4 d5 3.Nc3 Nf6 4.Nf3 a6 5.a4 e6 6.e3 a5 7.Bd3 Na6 8.O-O Nb4 9.Be2 Be7
10.b3 O-O 11.Bb2 Qc7 12.Qb1 b6 13.e4 dxe4 14.Nxe4 Qf4 15.Nxf6+ Bxf6 16.Ne5 Rd8
17.Rd1 Bb7 18.g3 Qf5 19.Qxf5 exf5 20.f4 Be7 21.Rd2 f6 22.Nd3 Nxd3 23.Rxd3 Bd6
24.Bf3 Re8 25.Kf2 Re7 26.Bc3 Rae8 27.Re1 Kf7 28.Rxe7+ Rxe7 29.Bd2 h6 30.h4 g6
31.Be3 Bc7 32.d5 Rd7 33.Ke2 c5 34.h5 g5 35.Bg2 Bd6 36.fxg5 fxg5 37.Bd2 Re7+
38.Kf2 Bc8 39.Bh3 Bd7 40.Rf3 Kf6 41.Bxf5 Bxf5 42.g4 Re4 43.Rxf5+ Kg7 44.Kf3 Re7
45.Bc3+ Kh7 46.Rf8 Be5 47.d6  1-0

[Event "XX Carlos Torre Magistral"]
[Site "Merida MEX"]
[Date "2007.12.16"]
[Round "3"]
[White "Pina Perez,O"]
[Black "Perez Garcia,Rodn"]
[Result "0-1"]
[WhiteElo "1964"]
[BlackElo "2427"]

1.c4 c6 2.Nc3 d5 3.cxd5 cxd5 4.d3 Nc6 5.g3 Nf6 6.Bg2 d4 7.Ne4 Nxe4 8.Bxe4 e5
9.Bg2 Be6 10.Nf3 Be7 11.O-O O-O 12.Bd2 Qb6 13.Qb1 g5 14.Rc1 f5 15.b3 h6 16.Be1 Ba3
17.Rd1 Qa6 18.e3 Bc5 19.exd4 Nxd4 20.Qb2 Bd5 21.Nxe5 Bxg2 22.Kxg2 Qe6 23.Nc4 Qd5+
24.Kg1 Nf3+ 25.Kf1 Nxh2+ 26.Kg1 Nf3+ 27.Kf1 Nxe1 28.Rxe1 Qh1+ 29.Ke2 Rae8+
30.Ne3 Rxe3+ 31.fxe3 Qg2+  0-1